Acta de la sesión pública celebrada el día 24 de junio de 1888 / (Record no. 171771)

MARC details
000 -LEADER
campo de control de longitud fija 00709nam a22001695i 4500
001 - NÚMERO DE CONTROL
campo de control 171771
003 - IDENTIFICADOR DE NÚMERO DE CONTROL
campo de control ES-MaACL
005 - FECHA Y HORA DE LA ÚLTIMA TRANSACCIÓN
campo de control 20230906214727.0
008 - DATOS DE LONGITUD FIJA--INFORMACIÓN GENERAL
campo de control de longitud fija 090529s1888 sp |||| | spa d
110 2# - ENTRADA PRINCIPAL--NOMBRE DE ENTIDAD CORPORATIVA
Nombre de entidad corporativa o nombre de jurisdicción como elemento de entrada Academia Provincial de Bellas Artes de San Jorge de Barcelona (1850)
9 (RLIN) 140406
245 10 - MENCIÓN DEL TÍTULO
Título Acta de la sesión pública celebrada el día 24 de junio de 1888 /
Mención de responsabilidad, etc. Academia Provincial de Bellas Artes de Barcelona.
260 ## - PUBLICACIÓN, DISTRIBUCIÓN, ETC.
Lugar de publicación, distribución, etc. Barcelona :
Nombre del editor, distribuidor, etc. [s.n.],
Fecha de publicación, distribución, etc. 1888 (
Fabricante Imp. Barcelonesa)
300 ## - DESCRIPCIÓN FÍSICA
Extensión 31 p. ;
Dimensiones 27 cm.
505 8# - NOTA DE CONTENIDO CON FORMATO
Nota de contenido con formato Contiene discurso: Consideración social de la obra artística / Leopoldo Soler y Pérez (p. 15-26)
700 1# - ENTRADA AGREGADA--NOMBRE PERSONAL
Nombre de persona Soler y Pérez, Leopoldo.
9 (RLIN) 140373
852 ## - LOCALIZACIÓN
Ubicación ES-MaACL
Número de control de estantería T-893-F-10
Holdings
Estatus retirado Estado de pérdida Estado de daño No para préstamo Colección Biblioteca de origen Biblioteca actual Ubicación en estantería Fecha de adquisición Fuente de adquisición Total de préstamos Signatura topográfica completa Código de barras Visto por última vez Precio de reemplazo Tipo de ítem Koha
        Colección de folletos Biblioteca del Ateneo de Madrid Biblioteca del Ateneo de Madrid Depósito folletos 29/05/2009     T-893-F-10 1180268 23/02/2023 23/02/2023 Folleto